000 00451nam a2200181Ia 4500
001 16193
005 20260306170251.0
008 260306t2019||||xx |||||||||||||| ||und||
041 _aESP
082 _a347.3
_bP75
100 _aPolanco Gutiérrez, Carlos E.
_eAUT
245 0 _aLos intereses en las obligaciones dinerarias
260 _c2019
300 _a446 páginas :
_c25 cm.
650 _aGEN
654 _aCDE
942 _cLIB
_dJUS
_fJUS
_2ddc
_n
999 _c16193
_d16193